000 00653nam a22002057a 4500
003 UA-OsUOA
001 63869
007 ta
008 20091023b un ||||| |||| 00| 0 ukr d
090 _a94(73)
_bО-80
942 _cBK
040 _aUA-OsUOA
_brus
_cUA-OsUOA
_dUA-OsUOA
245 _aОт "внутренего света" к "новому ханаану ": квакерское общество "срединых колоний"
_cЖук С. И.
300 _a87 с.
955 _a2
041 _arus
080 _a94(73)
260 _aДніпропетровськ
_c1995
650 7 _a9 Географія. Біографії. Історія
_2UDC
999 _c349967
_d349967